Словенске државе - Statistics

General Stats
  • This quiz has been taken 672 times
  • The average score is 12 of 13
Answer Stats
Држава % Correct
Србија
100%
Хрватска
98%
Црна Гора
97%
Русија
97%
Словенија
97%
Босна и Херцеговина
96%
Северна Македонија
95%
Словачка
94%
Украјина
94%
Бугарска
93%
Чешка
93%
Белорусија
92%
Пољска
91%
No matching quizzes found
Score Distribution
Percent of People with Each Score
Percentile by Number Answered
Your Score History
You have not taken this quiz